<?xml version="1.0" encoding="UTF-8"?>
<record
    xmlns:xsi="http://www.w3.org/2001/XMLSchema-instance"
    xsi:schemaLocation="http://www.loc.gov/MARC21/slim http://www.loc.gov/standards/marcxml/schema/MARC21slim.xsd"
    xmlns="http://www.loc.gov/MARC21/slim">

  <leader>01275nam a22001337a 4500</leader>
  <datafield tag="999" ind1=" " ind2=" ">
    <subfield code="c">533369</subfield>
    <subfield code="d">533369</subfield>
  </datafield>
  <controlfield tag="008">260518b           ||||| |||| 00| 0 eng d</controlfield>
  <datafield tag="100" ind1=" " ind2=" ">
    <subfield code="a">Choudhury, Angshuman  and  Pegu, Manoranjan</subfield>
    <subfield code="9">60638</subfield>
  </datafield>
  <datafield tag="245" ind1=" " ind2=" ">
    <subfield code="a">Muslims, labour and belonging in Assam</subfield>
  </datafield>
  <datafield tag="260" ind1=" " ind2=" ">
    <subfield code="a">Economic &amp; Political Weekly</subfield>
  </datafield>
  <datafield tag="300" ind1=" " ind2=" ">
    <subfield code="a"> 61(18), May 2. 2026: p.10-13</subfield>
  </datafield>
  <datafield tag="520" ind1=" " ind2=" ">
    <subfield code="a">Bengali Muslims&#x2019; labour value, recognised by large sections of the Assamese elite as the key to Assam&#x2019;s economic development, has not automatically aided their social inclusion. The &#x201C;Miya&#x201D; labourer remains stuck in an intensifying framework of racialised exploitation, social marginalisation and political disenfranchisement. They continue to be otherised as &#x201C;illegal foreigners&#x201D; and demographic threats to Assamese society. Some of the propositions for a &#x201C;work permit regime&#x201D; that both liberals and conservatives among the Assamese elite have put forward from time to time as a solution to the &#x201C;illegal immigration&#x201D; problem reify the racialised and inhumane regime of labour exploitation that the Bengali Muslims have historically been subjected to.-Reproduced 

https://www.epw.in/journal/2026/18/commentary/muslims-labour-and-belonging-assam.html
</subfield>
  </datafield>
  <datafield tag="773" ind1=" " ind2=" ">
    <subfield code="a">Economic &amp; Political Weekly</subfield>
  </datafield>
  <datafield tag="942" ind1=" " ind2=" ">
    <subfield code="c">AR</subfield>
  </datafield>
  <datafield tag="952" ind1=" " ind2=" ">
    <subfield code="0">0</subfield>
    <subfield code="1">0</subfield>
    <subfield code="2">ddc</subfield>
    <subfield code="4">0</subfield>
    <subfield code="7">0</subfield>
    <subfield code="9">408545</subfield>
    <subfield code="a">IIPA</subfield>
    <subfield code="b">IIPA</subfield>
    <subfield code="d">2026-05-18</subfield>
    <subfield code="h"> 61(18), May 2. 2026: p.10-13</subfield>
    <subfield code="p">AR138864</subfield>
    <subfield code="r">2026-05-18</subfield>
    <subfield code="y">AR</subfield>
  </datafield>
</record>
